| 000 | 00539nam a2200169 i 4500 | ||
|---|---|---|---|
| 001 | 53594 | ||
| 003 | ES-MaACL | ||
| 005 | 20230906162808.0 | ||
| 007 | t| | ||
| 008 | 031104m19151918sp ||||1| spa d | ||
| 100 | 1 |
_aFau de Casa-Juana, Leopoldo. _989618 |
|
| 245 | 1 | 0 |
_aAlbum matritense _b: primer cuaderno -[sexto cuaderno] / _cLeopoldo Fau de Casa-Juana. |
| 260 |
_aMadrid : _b[s.n.], _c1915-1918 ( _fImp. de Jesús López) |
||
| 300 |
_a6 v. : _bil. ; _c21 cm. |
||
| 651 | 4 |
_aMadrid- _xHistoria. _98963 |
|
| 852 |
_aES-MaACL _j1577-F-16-21 |
||
| 999 |
_c53594 _d53594 |
||